[Event "8th ch-Euro"]
[Site "Dresden GER"]
[Date "2007.04.09"]
[Round "7"]
[White "Najer,E"]
[Black "Arutinian,D"]
[Result "0-1"]
[WhiteElo "2605"]
[BlackElo "2552"]
[EventDate "2007.04.03"]

1. d4 Nf6 2. c4 e6 3. Nf3 d5 4. Nc3 Bb4 5. cxd5 exd5 6. Bg5 O-O 7. e3 c5 8.
dxc5 Bxc3+ 9. bxc3 Be6 10. Rb1 Nbd7 11. Qd4 Qc7 12. Bb5 Rfc8 13. O-O Qxc5
14. Bxd7 Nxd7 15. Rxb7 Qxc3 16. Bf4 Qa3 17. Ng5 Rc4 18. Qd1 Qe7 19. e4 d4
20. Qd3 Rac8 21. e5 g6 22. h3 Bf5 23. Qf3 h6 24. Ne4 Bxe4 25. Qxe4 Qe6 26.
Rxa7 g5 27. Bg3 Nc5 28. Qf3 Rc3 29. Qg4 Qxg4 30. hxg4 d3 31. Rd1 Ne4 32.
Rd7 d2 33. Kh2 Rc1 34. R7xd2 Nxd2 35. Rxd2 R1c2 36. Rd6 R8c6 37. Rd8+ Kh7
38. Ra8 R2c4 39. f3 Rc2 40. Kh3 Re2 41. a4 Rcc2 42. Ra7 Kg8 43. Ra8+ Kg7
44. Ra7 Rc1 45. Kh2 Rf1 46. Rd7 Kf8 47. Rd3 Ra1 48. Rd6 Raa2 49. Kh3 Rxg2
50. Rxh6 Rg1 51. Bh2 Rf1 52. Kg3 Rff2 0-1

[Event "8th ch-Euro"]
[Site "Dresden GER"]
[Date "2007.04.09"]
[Round "7"]
[White "Kuzubov,Y"]
[Black "Postny,E"]
[Result "1/2-1/2"]
[WhiteElo "2554"]
[BlackElo "2616"]
[EventDate "2007.04.03"]

1. d4 d5 2. c4 c6 3. Nf3 Nf6 4. e3 Bg4 5. h3 Bxf3 6. Qxf3 e6 7. Nc3 Nbd7 8.
Bd3 Bd6 9. O-O O-O 10. Qd1 Qe7 11. Qb3 dxc4 12. Bxc4 Nb6 13. Bd3 e5 14. Ne2
Rad8 15. a4 e4 16. Bc2 Nbd5 17. Bd2 Bb8 18. Qc4 Qc7 19. g3 Rfe8 20. Nc3 Re6
21. Qe2 Rde8 22. Rac1 Qd7 23. Bb3 R6e7 24. Kg2 h6 25. Nxd5 Nxd5 26. Qg4
Qxg4 27. hxg4 Bd6 28. Bxd5 cxd5 29. Rh1 Rd7 30. Rh5 Be7 31. Ba5 f6 32. Rhh1
Kf7 33. Rc2 Bd6 34. Rhc1 Ke7 35. Bd2 1/2-1/2

[Event "8th ch-Euro"]
[Site "Dresden GER"]
[Date "2007.04.09"]
[Round "7"]
[White "Mchedlishvili,M"]
[Black "Naumann,A"]
[Result "1/2-1/2"]
[WhiteElo "2583"]
[BlackElo "2549"]
[EventDate "2007.04.03"]

1. d4 d5 2. c4 c6 3. Nc3 dxc4 4. e4 b5 5. a4 b4 6. Na2 Nf6 7. e5 Nd5 8.
Bxc4 e6 9. Nf3 Be7 10. Bd2 a5 11. O-O Ba6 12. Qe2 Bxc4 13. Qxc4 Nb6 14. Qc2
Qd5 15. Nc1 c5 16. dxc5 Qxc5 17. Qxc5 Bxc5 18. Nb3 Be7 19. Rfc1 Kd7 20. Be3
Nd5 21. Bc5 Bd8 22. Bd6 Bb6 23. Nfd2 Rc8 24. Nc4 Nc6 25. Nxb6+ Nxb6 26. Rc5
Ra7 27. g3 Nd5 28. Rd1 Nd8 29. Rxa5 Rxa5 30. Nxa5 Rc2 31. b3 Nc6 32. Nxc6
Kxc6 33. Rd4 Rc3 34. Bxb4 Rxb3 35. Bd6 f5 36. Rc4+ Kb7 37. Rh4 h6 38. Bf8
g5 39. Rxh6 f4 40. Kg2 g4 41. h4 f3+ 42. Kh2 Ne3 43. fxe3 Rb2+ 44. Kg1 Rb1+
45. Kf2 Rb2+ 46. Ke1 Rb1+ 47. Kd2 f2 48. Rf6 f1=Q 49. Rxf1 Rxf1 50. Bh6 Ra1
51. Bg5 Rxa4 52. h5 Ra2+ 53. Kd3 Rh2 54. Bh4 Rf2 55. h6 Rf5 56. Bf6 Rh5 57.
Bg7 Kc6 58. Ke4 Kd7 59. Kf4 Ke8 60. Kxg4 Rh1 61. Kg5 Kf7 62. g4 Rh2 63. e4
Rh1 64. Bf6 Rh2 65. Bd8 Rh1 66. Ba5 Rd1 67. Bb6 Rf1 68. Ba5 Rd1 69. Bc3 Rc1
70. Bd2 Rf1 71. Be3 Rf3 72. Bb6 Rf1 73. Bd8 Rh1 74. Bf6 Rh2 75. Bg7 Rf2 76.
Kh4 Re2 77. Kg5 Rf2 1/2-1/2

[Event "8th ch-Euro"]
[Site "Dresden GER"]
[Date "2007.04.09"]
[Round "7"]
[White "Ruck,R"]
[Black "Predojevic,B"]
[Result "1/2-1/2"]
[WhiteElo "2531"]
[BlackElo "2587"]
[EventDate "2007.04.03"]

1. Nf3 d5 2. d4 Nf6 3. c4 c6 4. Nc3 dxc4 5. a4 Bf5 6. Ne5 Nbd7 7. Nxc4 Qc7
8. g3 e5 9. dxe5 Nxe5 10. Bf4 Nfd7 11. Bg2 g5 12. Nxe5 gxf4 13. Nxd7 O-O-O
14. Qd4 Qxd7 15. Qxf4 Bd6 16. Qh6 Kb8 17. O-O Qe6 18. Qxe6 1/2-1/2

[Event "8th ch-Euro"]
[Site "Dresden GER"]
[Date "2007.04.09"]
[Round "7"]
[White "Roiz,M"]
[Black "Narciso Dublan,M"]
[Result "1-0"]
[WhiteElo "2605"]
[BlackElo "2537"]
[EventDate "2007.04.03"]

1. Nf3 g6 2. e4 Bg7 3. d4 d6 4. Be2 Nf6 5. Nc3 O-O 6. O-O c5 7. dxc5 dxc5
8. h3 Nc6 9. Be3 Qb6 10. Qc1 Nd4 11. e5 Nd7 12. Bd1 Nxe5 13. Nxe5 Bxe5 14.
Na4 Qb5 15. Nxc5 Qxc5 16. c3 Qc4 17. cxd4 Bh2+ 18. Kxh2 Qxf1 19. Qc7 Qa6
20. Qxe7 Qe6 21. Qc7 Qc6 22. Qf4 Rd8 23. Bf3 Qd6 24. Rd1 a5 25. d5 Bf5 26.
Qxd6 Rxd6 27. Bc5 Rd7 28. d6 Rc8 29. Bb6 Rc2 30. Bxa5 Rxb2 31. Bc7 Rxa2 32.
Bxb7 Rc2 33. Bc8 Rdxc7 34. dxc7 Rxc7 35. Bxf5 gxf5 36. Rd5 f4 37. Rd4 f3
38. g4 Rc5 39. h4 Kg7 40. Kg3 Rc3 41. Rf4 h6 42. Rxf3 Rc1 43. Rf5 Rg1+ 44.
Kf4 Rh1 45. h5 Rf1 46. f3 Ra1 47. Re5 Kf6 48. Rf5+ Kg7 49. Rb5 Ra4+ 50. Kf5
Ra3 51. f4 Rh3 52. Rd5 Rh1 53. Rd3 Rh4 54. Re3 Rh1 55. Re2 Rh4 56. Re1 Rh2
57. Ke4 Rh4 58. Rg1 Rh3 59. Ke5 Rh4 60. f5 f6+ 61. Kf4 Rh2 62. Ra1 Re2 63.
Ra7+ Kg8 64. Ra3 Kf7 65. Re3 Ra2 66. Re4 Ra7 67. Ke3 Rd7 68. Rc4 Kg7 69.
Ke4 Kf7 70. Rd4 Ra7 71. Kd5 Ra1 72. Kc6 Rc1+ 73. Kd7 Ra1 74. Kc8 Ra8+ 75.
Kb7 Ra1 76. Rd7+ Kg8 77. Kc7 Ra4 78. Kd6 Rxg4 79. Ke6 Rg5 80. Kxf6 Rxh5 81.
Ke6 Rh1 82. Rd8+ Kh7 83. f6 Re1+ 84. Kf7 Ra1 85. Kf8 Rf1 86. f7 Kg6 87.
Rd6+ Kg5 88. Kg7 h5 89. Rg6+ Kh4 90. Rf6 Rxf6 91. Kxf6 1-0